• 首页
  • 本馆介绍
  • 公告通知
  • 最新文献
  • 馆藏检索
  • 电子资源
  • 读者导购
  • 参考咨询
  • 我的图书馆
  • 登录
  • 详细信息显示
  • 放入我的书架
  • 预约/预借图书
  • 作者相关作品
  • 分类相关作品
  • 丛书相关作品
  • 出版社相关作品

书目信息

  • 表格格式
  • 工作单格式
  • 卡片格式
题名:
拉丁语
    
 
作者: 靳方才 主编 ;臧润玉 编
分册:  
出版信息: 北京   人民卫生出版社  1986
页数: 255页
开本: 26cm
丛书名:
单 册:
中图分类: H771
科图分类:
主题词: 拉丁语--专业学校--教材
电子资源:
ISBN: 14048.5210
000 00647nam0 2200241 450
001 0186006691
005 20100712221557.0
010    @a14048.5210@dCNY2.45
091    @a14048.5210
100    @a19951101d1986 em y0chiy0110 ea
101 0  @achi
102    @aCN@b110000
105    @ay z 000yy
106    @ar
200 1  @a拉丁语@9La Ding;Zheng Yu @f靳方才主编@g臧润玉编
210    @a北京@c人民卫生出版社@d1986
215    @a255页@d26cm
606 0  @a拉丁语@x专业学校@x教材
690    @aH771@v3
701  0 @a靳方才@9jin fang cai@4主编
702  0 @a臧润玉@9zang run yu@4编
801  0 @aCN@bAzMarc@c20130904
905    @aBZT@dH771@e6@f1@sH771/6
    
    拉丁语/靳方才主编/臧润玉编.-北京:人民卫生出版社,1986
    255页;26cm
    
    
    ISBN 14048.5210:CNY2.45
    
●
相关链接 在五车中查询图书 在当当中查询图书 在豆瓣中查询图书


正题名:拉丁语     索取号:H771/6         预约/预借

序号 登录号 条形码 馆藏地/架位号 状态 备注
1 2000088464   2000088464   旧书回溯/ [索取号:H771/6] 在馆    
山东省滨州职业学院图书馆 欢迎您!
大连网信软件有限公司© 版权所有